Statistiques concernant Trouve les paroles - Zombie - Gims

Cliquez ici pour prendre le quiz!

Statistiques générales

  • Ce quiz a été pris 393 fois
  • Le résultat moyen est 231 sur 285

Statistiques - réponses

Réponse% Correct
Ma
95%
ma
95%
me
94%
de
93%
De
93%
un
93%
Mon
92%
mon
92%
à
91%
se
91%
je
90%
Je
90%
par
90%
raison
90%
le
89%
tu
89%
Tu
89%
conscience
88%
des
88%
88%
te
88%
zombie
88%
autre
87%
Mais
87%
esprit
86%
Manipulé
86%
parano
86%
Que
86%
que
86%
Stop
86%
T'es
86%
tes
86%
n'es
85%
s'envoler
85%
suis
85%
veut
85%
subconscient
84%
Qui
83%
qui
83%
Ta
83%
toi
83%
l'ombre
82%
même
81%
chaines
79%
perd
79%
ces
78%
conseillait
78%
Les
78%
les
78%
quoi
77%
dans
76%
désirs
76%
liens
76%
n'est
76%
parles
76%
tisse
76%
déchire
75%
mots
75%
peu
75%
Retire
75%
retire
75%
somnolait
75%
est
73%
fil
73%
m'déconseillait
73%
vie
73%
J'en
72%
vivre
72%
Comment
71%
fait
70%
pas
70%
tomber
70%
disent
69%
gens
69%
l'espoir
69%
si
69%
défies
68%
freinent
68%
monde
68%
vide
68%
croire
67%
Mâche
67%
noir
67%
repense
67%
Bâtis
65%
Laisse-toi
63%
tout
63%
trop
61%
brouillard
60%
rose
60%
tard
60%
t'laisse
60%
mômes
58%
Perdu
57%
réalises
57%
Construis
55%
toi-même
53%
m'faire
52%
déconseillait
50%
calme
41%
choses
41%

Distribution des résultats

Percentile par nombre de réponses

% des personnes avec chaque résultat

Votre développement - résultats

Vous n’avez pas pris ce quiz